Представление документа в формате RUSMARC

ПолеНазваниеЗначение
  Тип записи a
  Библиографический уровень m
001 Контрольный номер c94237f0fb464609bc03524f1592b38a
005 Дата корректировки 20140723105047.1
010 Индекс ISBN __
a ISBN 978-5-91131-591-7
101 Язык документа 0_
a Язык текста rus
102 Страна публикации __
a Страна публикации RU
200 Заглавие и сведения об ответственности 1_
a Заглавие Бухгалтерский учет интеллектуальной собственности
f Первые сведения об ответственности С. Н. Поленова, И. И. Маслакова ; ред. С. Н. Поленова
210 Выходные данные 1_
c Издательство Дашков и К
a Место издания Москва
d Дата издания 2007
215 Физическое описание __
a Объем 467, [2] с.
610 Ключевые слова 0_
a Ключевые слова бухгалтерский учет
610 Ключевые слова 0_
a Ключевые слова интеллектуальная собственность
686 Индексы других классификаций __
a Классификационный индекс 65.052.9(2)206
2 Код системы rubbk
700 Автор _1
a Фамилия Поленова
b Имя С. Н.
g Полное личное имя Светлана Николаевна
701 Альтернативная интеллектуальная ответственность _1
a Фамилия Маслакова
b Имя И. И.
g Полное личное имя Ирина Ивановна
u 2
702 Вторичная интеллектуальная ответственность _1
u 2
a Фамилия Поленова
b Имя С. Н.
4 Код отношения 340
801 Источник записи _0
a Страна RU
b Организация РУК
c Дата составления 20071010
g Правила каталогизации PSBO
801 Источник записи _1
a Страна RU
b Организация РУК
c Дата составления 20071010
g Правила каталогизации PSBO
852 Данные о местонахождении __
j Шифр хранения ББК 65.052
i Авторский знак П 49
901 Тип документа __
t Тип документа m
938 Служебная информация __
a Название организации Головной вуз
b Имя БД BOOK
c Название АИБС АИБС ИРБИС
938 Служебная информация __
a Название организации Башкирский филиал